MARC

LEADER 00000nam0a2200000 4500
001 350836
005 20231102010337.0
035 |a (RuTPU)RU\TPU\retro\5208 
090 |a 350836 
100 |a 20190312d1959 km y0engy50 ba 
101 0 |a eng 
102 |a US 
105 |a y z 001zy 
200 1 |a Archaeocyatha From the Colville and Salmo Areas of Washington and British Columbia  |f R. G. Greggs 
210 |a [W. s.]  |c The Paleontological Society  |d 1959 
215 |a 63-75 p. 
225 1 |a Journal of Pflentology  |v V. 33, № 1 
317 |5 63413507: КР-6209  |a Поступила в НТБ в 1987 г. в дар от вдовы ученого Е. К. Завадовской 
320 |a Bibliographie: p. 74-75 
606 1 |a Археоциаты  |x Морфология эволюционная  |2 stltpush  |3 (RuTPU)RU\TPU\subj\29454  |9 52774 
610 1 |a палеонтология 
610 1 |a Вашингтон 
610 1 |a Британская Колумбия 
610 1 |a исследования 
610 1 |a ископаемые организмы 
610 1 |a губки 
610 1 |a систематика 
610 1 |a виды 
610 1 |a типы 
610 1 |a кембрийские отложения 
610 1 |a английский язык 
610 1 |a библиотека А. А. Воробьева 
610 1 |a дары библиотеке 
675 |a 563.66  |v 4 
700 1 |a Greggs  |b R. G.  |g Robert 
801 1 |a RU  |b 63413507  |c 20190312 
801 2 |a RU  |b 63413507  |c 20190515  |g RCR 
942 |c BK